Μικροοικονομική / Μια Σύγχρονη Προσέγγιση. (Record no. 3794)
[ view plain ]
| 000 -LEADER | |
|---|---|
| fixed length control field | 01184cam a22002054a 4500 |
| 005 - ΗΜΕΡΟΜΗΝΙΑ ΚΑΙ ΩΡΑ ΤΕΛΕΥΤΑΙΑΣ ΕΝΗΜΕΡΩΣΗΣ | |
| Πεδίο ελέγχου | 20250605164125.0 |
| 008 - FIXED-LENGTH DATA ELEMENTS--GENERAL INFORMATION | |
| Πεδίο ελέγχου σταθερού μήκους | 250528s ||||||||||||||||||||||||d |
| 035 ## - SYSTEM CONTROL NUMBER | |
| System control number | 18433 |
| 020 ## - ISBN | |
| ISBN | 9602180706 |
| 040 ## - ΠΗΓΗ ΚΑΤΑΛΟΓΟΓΡΑΦΗΣΗΣ | |
| Φορέας πρωτότυπης καταλογογράφησης | MC Athens Campus Library |
| Γλώσσα καταλογογράφησης | Ελληνικά, Μοντέρνα (1453-) |
| Modifying agency | MC Athens Campus Library |
| Κανόνες περιγραφικής καταλογογράφησης | AACR2 |
| 245 1# - ΤΙΤΛΟΣ ΚΑΙ ΔΗΛΩΣΗ ΥΠΕΥΘΥΝΟΤΗΤΑΣ | |
| Τίτλος | Μικροοικονομική / Μια Σύγχρονη Προσέγγιση. |
| Number of part/section of a work | Τόμος Α' |
| 260 ## - PUBLICATION, DISTRIBUTION, ETC. | |
| Name of publisher, distributor, etc. | Κριτική - Επιστημονική Βιβλιοθήκη, |
| Date of publication, distribution, etc. | 1992 |
| 300 ## - PHYSICAL DESCRIPTION | |
| Extent | 352 |
| 520 ## - SUMMARY, ETC. | |
| Summary, etc. | Πρόλογος, Η Αγορά, Εισοδηματικός Περιορισμός, Προτιμήσεις, Ωφέλεια, Επιλογή, Ζήτηση, Αποκαλυφθείσα Προτίμηση, Εξίσωση Slutsky, Αγορά και Πώληση, Διαχρονική Επιλογή, Αγορά Περουσιακών Στοιχείων, Αβεβαιότητα, Περιουσιακά Στοιχεία Ενέχοντα Κίνδυνο, Πλεόνασμα του Καταναλωτή, Ζήτηση της Αγοράς, Ισορροπία, Τεχνολογία. |
| 700 1# - ΠΡΟΣΘΕΤΗ ΑΝΑΓΡΑΦΗ--ΦΥΣΙΚΟ ΠΡΟΣΩΠΟ | |
| Personal name | Varian Hal R |
| 9 (RLIN) | 7 |
| 700 1# - ΠΡΟΣΘΕΤΗ ΑΝΑΓΡΑΦΗ--ΦΥΣΙΚΟ ΠΡΟΣΩΠΟ | |
| Personal name | Μινόγλου Θέμις |
| 9 (RLIN) | 2951 |
| 942 ## - ADDED ENTRY ELEMENTS (KOHA) | |
| Koha item type | Books |
| Τύπος τεκμηρίου | Βιβλιοθήκη | Τρέχουσα τοποθεσία | Barcode | Αριθμός εισαγωγής | Ημερομηνία απόκτησης | Ταξιθετικό σύμβολο | Αριθμός αντιτύπου | Κατάσταση απόσυρσης | Κατάσταση χαμένου | Κατάσταση κατεστραμμένου | Μη δανεισμός | Σύνολο δανεισμών | Ημερομηνία τελευταίας εμφάνισης | Η τιμή ισχύει από |
|---|---|---|---|---|---|---|---|---|---|---|---|---|---|---|
| Books | MC Athens Campus Library | MC Athens Campus Library | 9780000037930 | 3118 | 05/06/2025 | 338.5 VAR V.A | 2 | 05/06/2025 | 05/06/2025 |